Biblioteca de autores españoles (Record no. 4571)

MARC details
000 -CABECERA
campo de control de longitud fija 00708nam a2200193 a 4500
001 - NÚMERO DE CONTROL
campo de control BRCA_4877
005 - FECHA Y HORA DE LA ÚLTIMA TRANSACCIÓN
campo de control 20190320204837.0
008 - DATOS DE LONGITUD FIJA--INFORMACIÓN GENERAL
campo de control de longitud fija 141010s1963----sp-#######---#000-0#spa-#
041 ## - CÓDIGO DE LENGUA
Código de lengua del texto/banda sonora o título independiente spa
044 ## - CÓDIGO DEL PAÍS DE LA ENTIDAD EDITORA/PRODUCTORA
Código MARC del país sp
050 #4 - SIGNATURA TOPOGRÁFICA DE LA BIBLIOTECA DEL CONGRESO
Número de clasificación PQ6171
Número de documento/Ítem .B53 1963
245 10 - MENCIÓN DE TÍTULO
Título Biblioteca de autores españoles
Resto del título desde la formacion del lenguaje hasta nuestros días, poetas líricos del siglo XVIII
Mención de responsabilidad, etc. un discurso preliminar y un catálogo razonado por Don Pascual de Gayangos.
260 ## - PUBLICACIÓN, DISTRIBUCIÓN, ETC.
Lugar de publicación, distribución, etc. Madrid
Nombre del editor, distribuidor, etc. Real Academia Española : Ediciones Atlas
Fecha de publicación, distribución, etc. 1963
300 ## - DESCRIPCIÓN FÍSICA
Extensión lxxxvi, 580 p.
Dimensiones 26 cm.
500 ## - NOTA GENERAL
Nota general Incluye índice de nombres propios y materias
700 1# - PUNTO DE ACCESO ADICIONAL--NOMBRE DE PERSONA
Nombre de persona Gayangos, Don Pascual de
9 (RLIN) 12353
902 ## - CATALOGADOR
Iniciales CERV
942 ## - ELEMENTOS DE PUNTO DE ACCESO ADICIONAL (KOHA)
Fuente del sistema de clasificación o colocación Library of Congress Classification
Tipo de ítem Koha Libros
Holdings
Estado de retiro Estado de pérdida Estado dañado No para préstamo Localización permanente Ubicación/localización actual Fecha de adquisición Total de préstamos Signatura topográfica completa Código de barras Fecha visto por última vez Precio válido a partir de Tipo de ítem Koha
El ejemplar forma parte de la colección y puede ser consultado según las políticas vigentes.       Biblioteca del Museo Franz Mayer (Rogerio Casas-Alatriste) Biblioteca del Museo Franz Mayer (Rogerio Casas-Alatriste) 14/10/2010   PQ6171 .B53 1963 CERV00075 22/03/2019 22/03/2019 Libros